[Event "Hengelo U20 op"]
[Site "Hengelo"]
[Date "2005.08.12"]
[Round "7"]
[White "De Groote, Jesper"]
[Black "Van der Linden, Ronald"]
[Result "1-0"]
[WhiteElo "1893"]
[BlackElo "1453"]
[PlyCount "47"]
[EventDate "2005.08.??"]
[EventType "swiss"]
[EventRounds "9"]
[EventCountry "NED"]
[SourceTitle "CBM 107 Extra"]
[Source "ChessBase"]
[SourceDate "2005.09.01"]
[SourceVersion "1"]
[SourceVersionDate "2005.09.01"]
[SourceQuality "1"]

1. e4 c5 2. Nf3 d6 3. d4 cxd4 4. Qxd4 Nc6 5. Bb5 Bd7 6. Bxc6 Bxc6 7. Nc3 Nf6 8. Bg5 g6 9. Bxf6 exf6 10. 0-0-0 Be7 11. Nd5 Bxd5 12. Qxd5 Qb6 13. Nd4 0-0 14. h4 Rac8 15. Qb3 Qa6 16. h5 Rc4 17. hxg6 fxg6 18. Kb1 Rf7 19. f4 h6 20. Rxh6 Rxd4 21. Rdh1 f5 22. Rh8+ Kg7 23. R1h7+ Kf6 24. Qxf7# 1-0

[Event "Hengelo U20 op"]
[Site "Hengelo"]
[Date "2005.08.10"]
[Round "5"]
[White "Van der Linden, Ronald"]
[Black "Hugaert, Arthur"]
[Result "1-0"]
[WhiteElo "1453"]
[BlackElo "1877"]
[PlyCount "71"]
[EventDate "2005.08.??"]
[EventType "swiss"]
[EventRounds "9"]
[EventCountry "NED"]
[SourceTitle "CBM 107 Extra"]
[Source "ChessBase"]
[SourceDate "2005.09.01"]
[SourceVersion "1"]
[SourceVersionDate "2005.09.01"]
[SourceQuality "1"]

1. c4 Nf6 2. d4 g6 3. Nc3 d5 4. e3 Bg7 5. Nf3 0-0 6. Bd2 c5 7. Rc1 cxd4 8. Nxd4 e5 9. Nf3 d4 10. Ne2 Nc6 11. Ng3 Re8 12. e4 Nxe4 13. Nxe4 f5 14. Bg5 Qa5+ 15. Bd2 Qc7 16. Bd3 fxe4 17. Bxe4 Bf5 18. Bd5+ Kh8 19. 0-0 e4 20. Ng5 h6 21. Nf7+ Kh7 22. c5 e3 23. fxe3 dxe3 24. Rxf5 exd2 25. Qxd2 gxf5 26. Rf1 Qd7 27. Nxh6 Bxh6 28. Bg8+ Kxg8 29. Qxd7 Nd4 30. Kh1 Re4 31. g3 Rae8 32. Qxb7 Bg7 33. c6 Re2 34. c7 Rc2 35. Qb8 Kf8 36. Re1 1-0

[Event "Hengelo U20 op"]
[Site "Hengelo"]
[Date "2005.08.09"]
[Round "2"]
[White "Van den Bos, Jokim"]
[Black "Van der Linden, Ronald"]
[Result "0-1"]
[WhiteElo "1768"]
[BlackElo "1453"]
[PlyCount "74"]
[EventDate "2005.08.??"]
[EventType "swiss"]
[EventRounds "9"]
[EventCountry "NED"]
[SourceTitle "CBM 107 Extra"]
[Source "ChessBase"]
[SourceDate "2005.09.01"]
[SourceVersion "1"]
[SourceVersionDate "2005.09.01"]
[SourceQuality "1"]

1. e4 c5 2. d4 cxd4 3. c3 dxc3 4. Nxc3 Nc6 5. Nf3 d6 6. Bc4 Nf6 7. e5 dxe5 8. Qxd8+ Nxd8 9. Nxe5 e6 10. Nb5 Bb4+ 11. Bd2 Bxd2+ 12. Kxd2 0-0 13. Rad1 Nd7 14. Ng4 Nc6 15. Rhe1 Nb6 16. Bd3 Rd8 17. Kc1 a6 18. Nc7 Rb8 19. Ne5 Bd7 20. Nxc6 Bxc6 21. Kb1 Rd7 22. Bc2 Rxc7 23. Rd4 Nd5 24. g4 h6 25. h4 g6 26. f4 Nf6 27. f5 exf5 28. gxf5 Kg7 29. Rg1 Be8 30. Rd6 Rbc8 31. fxg6 Rxc2 32. gxf7+ Kxf7 33. Rf1 R2c6 34. Rfxf6+ Ke7 35. Rfe6+ Kf7 36. Rf6+ Kg7 37. Rxh6 Rc1# 0-1

[Event "Hengelo U20 op"]
[Site "Hengelo"]
[Date "2005.08.08"]
[Round "1"]
[White "Van der Linden, Ronald"]
[Black "Nederlof, Jesper"]
[Result "0-1"]
[WhiteElo "1453"]
[BlackElo "1918"]
[PlyCount "66"]
[EventDate "2005.08.??"]
[EventType "swiss"]
[EventRounds "9"]
[EventCountry "NED"]
[SourceTitle "CBM 107 Extra"]
[Source "ChessBase"]
[SourceDate "2005.09.01"]
[SourceVersion "1"]
[SourceVersionDate "2005.09.01"]
[SourceQuality "1"]

1. c4 e5 2. Nc3 Nf6 3. d3 Bc5 4. Bg5 Bxf2+ 5. Kd2 h6 6. Nh3 Bc5 7. Bh4 d6 8. Bf2 Bb6 9. Bxb6 axb6 10. g3 0-0 11. Nf2 Ng4 12. Nxg4 Bxg4 13. Bg2 c6 14. h3 Be6 15. Kc2 Na6 16. Qd2 d5 17. cxd5 cxd5 18. Nb5 Qd7 19. Na3 Qa4+ 20. Kb1 Nc5 21. g4 b5 22. Nc2 d4 23. g5 Bxa2+ 24. Kc1 Nb3+ 25. Kd1 Nxd2 26. Kxd2 Rac8 27. gxh6 Rxc2+ 28. Ke1 Qb4+ 29. Kf2 Qe7 30. hxg7 Qh4+ 31. Kg1 Rfc8 32. Be4 Qg3+ 33. Kf1 Rc1+ 0-1